000 00739nam a2200241Ia 4500
001 dia_1635
003 CHAP
005 20230626101646.0
008 220117s1968 xx 000 0 und d
010 _a172178
040 _cCHAP
082 _a630.72 G54 1968
100 _aGil Flores, Javier
_947928
245 _aInvestigación agrícola en Sinaloa : informe de labores 1966-1967
260 _aMéxico :
_b CIAS,
_c1968
300 _a111 p.
590 _aS542.M4 G54 1968
650 _aAgricultura
_xInvestigación
_xMéxico
_xSinaloa 2 Agriculture
_xResearch
_xMexico
_xSinaloa
_9151188
901 _a630.72 G54 1968
902 _aM
905 _a5232271968 mx abmn8215223322spa16
942 _cLIBRO
_2ddc
999 _c172178
_d172178